000 00317nam a22001337a 4500
008 180306b xxu||||| |||| 00| 0 eng d
020 _a9781930556485
041 _aeng
080 _a37
100 _a25
101 _aEDU
245 _a101 "answers" for new teachers and their mentors
_cBreaux,A.L
942 _2udc
_cBK
999 _c44227
_d44227